Pengaruh Belanda

Bibliographic Details
Main Author: Noraini Mohd Yusof
Format: Book
Published: Selangor : Uni-Text Distributors , 2005
Series:Siri koleksi sejarah warisan nusantara
Subjects:

MARC

LEADER 00000cam a2200000 7i4500
001 0000003458
005 20151222.0
008 070718
020 |a 9679353672 
090 0 0 |a JF   |b HIST MAL (4085) 
100 0 |a Noraini Mohd Yusof 
245 1 0 |a Pengaruh Belanda   |c Noraini Mohd Yusof 
260 |a Selangor :   |b Uni-Text Distributors ,   |c 2005 
440 |a Siri koleksi sejarah warisan nusantara 
500 |a Children ages 7-9 years old (orange) 
650 0 |a History 
650 0 |a Junior fiction   |x Malay   |x Languages 
999 |a 0000905432   |b Book   |c Teenagers   |e Cawangan Bandar Tenggara 
999 |a 0000970350   |b Book   |c Children Collection   |e Perbadanan Perpustakaan Awam Johor 
999 |a 0000970351   |b Book   |c Children Collection   |e Cawangan Sri Merlong 
999 |a 0000970352   |b Book   |c Children Collection   |e Cawangan Pontian 
999 |a 0000970353   |b Book   |c Children Collection   |e Perbadanan Perpustakaan Awam Johor 
999 |a 0000970354   |b Book   |c Children Collection   |e Cawangan Tangkak